000 00301nam a2200133Ia 4500
005 20251222142028.0
008 251222s9999||||xx |||||||||||||| ||spa||
020 _a84-206-9612-9
082 _a937/G42
100 _aGiardina, Andrea
245 0 _aEl Hombre Romano
264 _bAlianza
942 _cLIB
999 _c10879
_d10879